Entry Personal Name
Number of records used in: 1
001 - CONTROL NUMBER
003 - CONTROL NUMBER IDENTIFIER
005 - DATE AND TIME OF LATEST TRANSACTION
- control field:
20221219132843.0
008 - FIXED-LENGTH DATA ELEMENTS
- fixed length control field:
221219|| aca||aabn | a|a d
040 ## - CATALOGING SOURCE
- Original cataloging agency:
OSt
- Transcribing agency:
OSt
100 ## - HEADING--PERSONAL NAME
- Personal name:
RAO, Dr. R. NAGESWARA
670 ## - SOURCE DATA FOUND
- Source citation:
Work cat.: (OSt)8110: RAO, Dr. R. NAGESWARA , CORE PYTHON PROGRAMMING , 2021